00322pab a2200121 454500008004000000100001800040245005500058260000900113300001400122650001400136700002400150773002600174180718b2005 xxu||||| |||| 00| 0 eng d aDarolia, C.R. aBehaviour temperament inventory: a normative study c2005 ap.331-35. aBehaviour aarora, Bhupinder S. aPsychological Studies